Quizzes
Events
Quiz Creation
Community
Videos
Private Events
Remove Ads
Sign In
Join for FREE
Feedback
Dark Mode
Quiz Categories
Sports
Geography
Music
Movies
Television
Just For Fun
Miscellaneous
History
Literature
Language
Science
Gaming
Entertainment
Religion
Holiday
For Kids
Quiz Lab
Recent
Popular Today
Quiz Kudos Today
Editor Picks
Curator Picks
Quizzes by...
Day
Popularity
Type
Ratings
Length
Year
Community
Subscriptions
Recent Discussions
Orange Saloon
Badges
Playlists
Quests
Create
Leaderboards
Showdown
Live 5
Trivia Bingo
Activity
Puzzle Library
Sporcle Events
Private Events
Virtual Trivia
Globe League
Become a Host
Pub Owners
SporcleCon
Opinionation
Our Games
Videos
Blog
Mobile Apps
Partnerships
Remove Ads and Go Orange
Feedback
Sports
Athletes
MLB
NBA
NHL
NFL
Soccer
Sports Teams
WWE
NCAA
Football
Premier League
Basketball
Baseball
Hockey
Golf
Tennis
Cricket
Rugby
Auto Racing
Olympics
World Cup
Sports
Athletes
MLB
NBA
NHL
NFL
Soccer
Sports Teams
WWE
NCAA
Football
Premier League
Basketball
Baseball
Hockey
Golf
Tennis
Cricket
Rugby
Auto Racing
Olympics
World Cup
Random Quiz
Search Sporcle
×
Quiz Lab
Quiz Lab
Sports
Soccer
Type in answers that appear in a list
Type in answers that appear in a list
Classic
Best Score? Go Orange.
Arsenal 2010-2011 First Team Stats
Can you name the Arsenal 2010-2011 First Team?
By
RhysTaylor
6m
26 Questions
134 Plays
134 Plays
134 Plays
Comments
Comments
Give Quiz Kudos
Give Quiz Kudos
-
- Ratings
hide this ad
Replay
Link that replays current quiz
Next Quiz
Link to next quiz in quiz playlist
You Got
0%
They Got
Avg Score
76%
Avg Friend Score
Upgrade to see
Score Distribution
Jump to the score distribution portion of the page
Score
0/26
Timer
06:00
0
Plays Today
Squad Number
Player
% Correct
10
Robin van Persie
94%
1
Manuel Almunia
93.3%
4
Cesc Fabregas
92.5%
3
Bacary Sagna
91.8%
14
Theo Walcott
91.8%
5
Thomas Vermaelen
85.1%
7
Tomas Rosicky
85.1%
19
Jack Wilshere
85.1%
23
Andrey Arshavin
85.1%
22
Gael Clichy
84.3%
8
Samir Nasri
82.8%
52
Nicklas Bendtner
82.8%
17
Alex Song
82.1%
Squad Number
Player
% Correct
2
Abou Diaby
81.3%
6
Laurent Koscielny
79.1%
20
Johan Djourou
74.6%
21
Lukas Fabianski
72.4%
28
Kieran Gibbs
70.9%
16 (On Loan)
Aaron Ramsey
70.1%
29
Marouane Chamakh
68.7%
15
Denilson
66.4%
27
Emmanuel Eboue
63.4%
18
Sebastien Squillaci
61.2%
53
Wojciech Szczesny
61.2%
11 (On Loan)
Carlos Vela
57.5%
41 (On Loan)
Jay Emmanuel-Thomas
24.6%
Quiz Playlist
Details
Report
Send in Message
Add To Playlist
Classic:
Type in answers that appear in a list
Quiz Source
Last Updated: Feb 16, 2017
Quiz Scoreboard
CHALLENGE
Sign Up to Join the Scoreboard
Show All
Scores
Hide
Comments
May contain spoilers
Recently Published
Alphabetical 'K' Countries by Flag Minefield
by ylime102
Geography
3m
Pick 6: Fruits
by JohnFran
Miscellaneous
15s
Click the 1999 NBA Draft
by nibperrychub
Sports
2m
More to Explore
Quiz From the Vault
Featured Blog Post
15 Basketball Trivia Facts You Can Be March Mad About
hide this ad
You Might Also Like...
Tags
Premier League Quiz
Soccer Quiz
2010
2010-2011
Arsenal
Today's Top Quizzes in Sports
Browse Sports
hide this ad
Today's Top Quizzes in Soccer
Browse Soccer
Top Contributed Quizzes in Sports
1
Don't Strike Out: 3000 Strikeouts
2
MLB 2 truths and a lie: Hall of Fame pitchers
3
Pick 6: NFL Teams
4
Criteria MLB: Left Handed Sluggers
5
MLB Players with Two .350 Batting Average Seasons
6
2022 World Cup Stars
7
Les joueurs à 100 buts en Ligue 1 Uber Eats
8
Millionaire: NBA Finals Edition
9
Pick 6: Minor League Baseball
10
Last 10 Members of the 500 HR Club in Order
Explore More
Trending Topics
NBA
Kpop
Harry Potter
Anime
Disney
Marvel
Crossword
WWE
Country
Puzzle
Song
Soccer
Pokémon
NFL
The Office
hide this ad
More By:
RhysTaylor
Quiz
Plays
Rating
Category
Featured
Created
Internal Premier League Transfer Records
1,277
4.50
Sports
Sep 23, 2013
Guess Football Player from Stats
1,064
4.00
Sports
Sep 23, 2013
F1 Top 3 Finishers Every Race 2010
854
3.00
Sports
Feb 11, 2011
Fantasy Premier League 13-14 Most Expensive
605
5.00
Sports
Sep 24, 2013
City Signings Since Takeover (Summer 13)
475
Sports
Nov 27, 2011
Go to Creator's Profile
Score Distribution
Quiz Creator Spotlight
RhysTaylor
Follow
Send a Message
Quizzes Created
-
Created Quiz Play Count
-
More By This Creator
Popular Quizzes Today
1
Find the US States - No Outlines Minefield
2
Countries of Asia Without Outlines Minefield
3
Pick 6: Fruits
4
The Countries of the World
5
Alphabetical 'K' Countries by Flag Minefield
6
Find the US States
7
Click the 1999 NBA Draft
8
Match the Book to the Film X
More Sports Quizzes
WWF/WWE Entrance Themes I (Music Clips)
Editor's Pick
Trending Quizzes
Pick 6: Harry Potter
Pick 6: Mountains
Pick 6: NFL Teams
Pick 6: Movie Franchises
Pick 6: Golfers
Recently Updated
Women's Final Four Teams by Year
bhenderson79
Presidents Quartet II
eogle
Anything But Clue(do)
eogle
Anything But Oceanian Capitals
eogle
Anything But 7
eogle
Anything But Thing
eogle
Word Ladder: February 29
pecheneg
Song Title Questions
pecheneg
Women's NCAA Tournament #1 Seeds
pecheneg
Celebrity Mug Shots
pecheneg
Trending Topics
Harry Potter
Disney
Kpop
Anime
Marvel
NBA
Crossword
NFL
Pokémon
Puzzle
Song
The Office
Country
Soccer
WWE
Your Account Isn't Verified!
In order to create a playlist on Sporcle, you need to verify the email address you used during registration. Go to your
Sporcle Settings
to finish the process.
Report this User
Report this user for behavior that violates our
Community Guidelines
.
Details:
Send Report
Go to the Sporcle.com Mobile Site →
Comments